000 01136nam0a22003011 4500
001 rc\2227868
005 20110829180651.2
035 _a(NLR Aleph) 006708976
090 _a5322754
_c5322754
100 _a20110829d1979 |||y0rusy50 ca
101 0 _arus
102 _aRU
105 _aa z |||||
200 1 _aТеоретические аспекты лингвистических исследований
_eМежвуз. темат. сб.
_fЯросл. гос. ун-т
_g[Редкол.: Г.В. Зорина (отв. ред.) и др.]
210 _aЯрославль
_cЯрГУ
_d1979
215 _a129 с.
_cил.
_d20
320 _aБиблиогр. в конце статей
606 _aЛингвистические исследования
_jСборники
_2psbo
702 1 _aЗорина
_bГ. В.
_gГалина Владимировна
_4340
712 0 2 _aЯрославский ун-т
801 0 _aRU
_bNLR
_gpsbo
801 1 _aRU
_bELAR
_2rusmarc
852 _aNLR
_j80-3/7832
899 _aRuMoRGB
_jФ 1-81/8109
899 _aRuMoRGB
_jБ 80-20/508
899 _aRuMoRGB
_jБ 80-20/509
942 _cBOOK
980 _aNB